| 000 | 00774nam a2200253 4500 | ||
|---|---|---|---|
| 001 | 139352 | ||
| 003 | ES-MaACL | ||
| 005 | 20230906195758.0 | ||
| 007 | t| | ||
| 008 | 070214s1975 sp r ||||1| spa d | ||
| 020 | _a84-7222-951-3 | ||
| 100 | 1 |
_aSartoruis, Nicolás. _9103895 |
|
| 245 | 1 | 3 |
_aEl resurgir del movimiento obrero / _cNicolás Sartoruis ; prólogo de Simón Sánchez Montero. |
| 250 | _a2ª ed. | ||
| 260 |
_aBarcelona : _bLaia, _c1975. |
||
| 300 |
_a186 p. ; _c20 cm. |
||
| 490 | 1 |
_aPrimero de mayo ; _v2 |
|
| 650 | 0 | 0 |
_aMovimiento obrero- _zEspaña- _yS.XX. _915216 |
| 700 | 1 |
_aSánchez Montero, Simón. _9102790 |
|
| 830 | 1 |
_aPrimero de mayo ; _v2 _9181765 |
|
| 852 |
_aES-MaACL _jE-9770 |
||
| 852 |
_aES-MaACL _jE-10021 |
||
| 999 |
_c139352 _d139352 |
||